000 007460000a22001930004500
041 0 _aSPA
082 0 4 _aG 173 C3921i
110 1 _aCELAM
245 1 0 _aIglesia, familia y paternidad responsable en América Latina : Encuentro de expertos / Consejo Episcopal Latinoamericano CELAM
260 _aBogotá, Colombia : Secretariado General del CELAM
300 _a219 Pag.
505 0 0 _aÁrea socio-demográfica -- área filosófico-teológica -- área psico-fisiológica -- área educacional
650 1 4 _aCONTROL NATAL - ASPECTOS RELIGIOSOS - IGLESIA CATOLICA \ CONTROL NATAL - AMERICA LATINA
001 1167
942 _cBK
999 _c32497
_d32497
336 _atexto
_btxt
_2rdacontent
337 _2rdamedia
_asin mediación
_bn
338 _2rdacarrier
_avolumen
_bnc